[Event "PRO League Group Stage"]
[Site "chess.com INT"]
[Date "2018.02.28"]
[Round "8"]
[White "Grigoriants, Sergey"]
[Black "Kobo, Ori"]
[Result "1-0"]
[WhiteTitle "GM"]
[BlackTitle "GM"]
[WhiteElo "2568"]
[BlackElo "2477"]
[WhiteTeam "Volga Stormbringers"]
[BlackTeam "Oslo Trolls"]
[WhiteFideId "4130804"]
[BlackFideId "2812320"]
[EventDate "2018.01.18"]

1. e4 g6 2. d4 Bg7 3. Nf3 d6 4. Bd3 Nf6 5. O-O O-O 6. Re1 Nc6 7. h3 e5 8. c3 a5
9. Na3 exd4 10. cxd4 Nb4 11. Bb1 c6 12. Bg5 Be6 13. Nc2 Qb6 14. Ne3 Rfe8 15. Bh4
h6 16. a3 Na6 17. Qd2 d5 18. Bxf6 Bxf6 19. e5 Bg7 20. h4 h5 21. Ng5 Bh6 22. Rd1
c5 23. Ba2 c4 24. f4 Nc7 25. Rac1 Bg4 26. Rf1 f6 27. Rxc4 dxc4 28. Nxc4 Qa6 29.
Nd6+ Be6 30. Qc2 f5 31. Qxc7 Bxa2 32. Qh7+ Kf8 33. Qxh6+ Ke7 34. Qg7+ Kd8 35.
Nxe8 Kxe8 36. Rc1 1-0

[Event "PRO League Group Stage"]
[Site "chess.com INT"]
[Date "2018.02.28"]
[Round "8"]
[White "Obregon, Andres Carlos"]
[Black "Van Kampen, Robin"]
[Result "1-0"]
[WhiteTitle "GM"]
[BlackTitle "GM"]
[WhiteElo "2514"]
[BlackElo "2646"]
[WhiteTeam "Buenos Aires Krakens"]
[BlackTeam "Montreal Chessbrahs"]
[WhiteFideId "111724"]
[BlackFideId "1020854"]
[EventDate "2018.01.18"]

1. d4 Nf6 2. c4 c5 3. Nf3 cxd4 4. Nxd4 Nc6 5. Nc3 e6 6. a3 Bc5 7. Nb3 Be7 8. e4
O-O 9. Be2 b6 10. O-O Bb7 11. Bf4 d6 12. Rc1 Ne5 13. Nd2 Rc8 14. Bg3 Ned7 15. b4
Re8 16. f4 Nf8 17. Bd3 a5 18. Bf2 axb4 19. axb4 Ng6 20. Na4 Nd7 21. Qf3 Ra8 22.
Nc3 Nxf4 23. Qxf4 Bg5 24. Qxd6 Bxd2 25. Rc2 Bg5 26. Nb5 e5 27. Qc7 Rb8 28. Rd1
Be7 29. Rb2 Qc8 30. Be2 Nf6 31. Bxb6 Qe6 32. Ba7 Rec8 33. Bxb8 Rxc7 34. Bxc7
Nxe4 35. Bd8 h5 36. Bxe7 Qxe7 37. Bf3 Qg5 38. Re1 f5 39. c5 Ba6 40. Nc7 Nd2 41.
Bd5+ Kh7 42. Nxa6 Qf4 43. Rc2 Qd4+ 44. Kh1 Qxd5 45. c6 Qd3 46. Rec1 Nb3 47. c7
Nxc1 48. Rxc1 h4 49. h3 Qd2 50. c8=Q 1-0

[Event "PRO League Group Stage"]
[Site "chess.com INT"]
[Date "2018.02.28"]
[Round "8"]
[White "Obregon, Andres Carlos"]
[Black "Kleinman, Michael"]
[Result "1/2-1/2"]
[WhiteTitle "GM"]
[BlackTitle "IM"]
[WhiteElo "2514"]
[BlackElo "2394"]
[WhiteTeam "Buenos Aires Krakens"]
[BlackTeam "Montreal Chessbrahs"]
[WhiteFideId "111724"]
[BlackFideId "2609479"]
[EventDate "2018.01.18"]

1. d4 Nf6 2. c4 e6 3. Nf3 b6 4. g3 c6 5. Bg2 d5 6. Qc2 Be7 7. O-O O-O 8. Nbd2
Bb7 9. e4 Na6 10. a3 Rc8 11. b4 c5 12. exd5 exd5 13. dxc5 bxc5 14. b5 Nc7 15.
Nh4 Ne6 16. Nf5 Nd4 17. Qb1 Re8 18. Bb2 Qd7 19. Nxe7+ Rxe7 20. Bxd4 cxd4 21. c5
Rxc5 22. a4 Ne4 23. Nf3 Nc3 24. Qb4 Rc4 25. Qa5 d3 26. Qxa7 d4 27. h4 Qf5 28.
Kh2 h6 29. Nxd4 Bxg2 30. Qb8+ Qc8 31. Qxc8+ Rxc8 32. Kxg2 Rd7 33. Nf5 Ra8 34.
Rfc1 Rxa4 35. Rxa4 Nxa4 36. Ne3 d2 37. Ra1 Nc3 38. b6 Rb7 39. Ra8+ Kh7 40. Rd8
d1=Q 41. Nxd1 Nxd1 42. Rxd1 Rxb6 43. h5 g6 44. Rd7 Kg7 45. Rd5 gxh5 46. Rxh5 Kg6
47. g4 Rb3 48. f3 Ra3 49. Kg3 Ra1 50. Rb5 Ra4 51. Rb6+ Kg7 52. Kh4 Ra5 53. Rc6
Rb5 54. f4 Rb1 55. f5 Rh1+ 56. Kg3 Ra1 57. Rb6 Ra3+ 58. Kh4 Ra1 59. Rc6 Rb1 60.
Ra6 Rc1 61. Rb6 Ra1 62. Kg3 Ra3+ 63. Kh4 Ra1 64. Rd6 Rb1 65. Kg3 Rb3+ 66. Kf4
Rb4+ 67. Kf3 Rb3+ 68. Ke4 Rb4+ 69. Kf3 Rb3+ 70. Kf4 Rb4+ 71. Kg3 Rb3+ 72. Kh4
Rb1 73. Rc6 Ra1 74. Rc7 Rb1 75. Ra7 Rc1 76. Ra6 Rb1 77. Ra3 Rc1 78. Rd3 Rb1 79.
Rd4 Ra1 80. Kg3 Rf1 81. Rd5 Kf6 82. Rd7 Ra1 83. Rb7 Rc1 84. Ra7 Rb1 85. Rc7 Ra1
86. Rb7 Rc1 87. Rd7 Ra1 88. Rb7 Rc1 89. Kf4 Rc4+ 90. Kf3 Rc1 91. Kg3 Ra1 92. Kh4
Rh1+ 93. Kg3 Ra1 94. Rc7 Rb1 95. Ra7 Rc1 96. Kh4 Rh1+ 97. Kg3 Rc1 98. Rb7 Ra1
99. Rb8 Rc1 100. Rh8 Kg7 101. Rd8 Kf6 102. Ra8 Rb1 103. Kh4 Rh1+ 104. Kg3 Rb1 1/2-1/2

[Event "PRO League Group Stage"]
[Site "chess.com INT"]
[Date "2018.02.28"]
[Round "8"]
[White "Porper, Edward"]
[Black "Hjartarson, Johann"]
[Result "0-1"]
[WhiteTitle "IM"]
[BlackTitle "GM"]
[WhiteElo "2377"]
[BlackElo "2536"]
[WhiteTeam "London Lions"]
[BlackTeam "Reykjavik Puffins"]
[WhiteFideId "2801604"]
[BlackFideId "2300044"]
[EventDate "2018.01.18"]

1. d4 f5 2. Nf3 Nf6 3. g3 g6 4. Bg2 Bg7 5. O-O O-O 6. b3 d6 7. Bb2 c6 8. Nbd2
Na6 9. Ne1 e5 10. dxe5 Nd7 11. Nc4 d5 12. e6 Nf6 13. Ne5 Bxe6 14. N1d3 Ne4 15.
Nf3 Bxb2 16. Nxb2 c5 17. Nd3 Qf6 18. Qc1 d4 19. Qf4 Rae8 20. Rfe1 Bd5 21. h4 Nc3
22. Nfe5 Bxg2 23. Kxg2 Nc7 24. Nf3 N7d5 25. Qg5 b6 26. Qxf6 Rxf6 27. Ng1 Rfe6
28. Kf1 Kg7 29. a4 a5 30. Nb2 h6 31. Nd1 Ne4 32. Kg2 Kf6 33. Nb2 Nec3 34. Kf1 g5
35. hxg5+ hxg5 36. Nd1 Ne4 37. Nb2 g4 38. Nc4 Nec3 39. e3 dxe3 40. fxe3 Nxe3+
41. Nxe3 Rxe3 42. Rxe3 Rxe3 43. Kf2 Re8 44. Rf1 Kg5 45. Kg2 Rd8 46. Rf2 Rd1 47.
Rf1 Rxf1 48. Kxf1 f4 49. gxf4+ Kxf4 50. Kf2 Ne4+ 51. Ke2 g3 52. Nh3+ Kg4 53. Ng1
Nf6 54. Ke3 Nd5+ 55. Ke4 Nf4 56. c3 g2 57. c4 Kg3 58. Ke3 Ne6 59. Ke4 Nd4 60.
Kd5 Kh2 0-1

[Event "PRO League Group Stage"]
[Site "chess.com INT"]
[Date "2018.02.28"]
[Round "8"]
[White "Porper, Edward"]
[Black "Kjartansson, David"]
[Result "1-0"]
[WhiteTitle "IM"]
[BlackTitle "FM"]
[WhiteElo "2377"]
[BlackElo "2409"]
[WhiteTeam "London Lions"]
[BlackTeam "Reykjavik Puffins"]
[WhiteFideId "2801604"]
[BlackFideId "2301130"]
[EventDate "2018.01.18"]

1. d4 d5 2. c4 dxc4 3. Nf3 Nf6 4. Nc3 a6 5. e4 b5 6. e5 Nd5 7. a4 Nxc3 8. bxc3
Bb7 9. e6 Qd5 10. exf7+ Qxf7 11. Be2 Nd7 12. O-O e5 13. axb5 axb5 14. Rxa8+ Bxa8
15. Ng5 Qf6 16. Bg4 Bd6 17. Ne6 h5 18. Bg5 Qg6 19. Bf5 Qf7 20. Qb1 e4 21. Qxb5
g6 22. Bh3 Rh7 23. Ra1 1-0

[Event "PRO League Group Stage"]
[Site "chess.com INT"]
[Date "2018.02.28"]
[Round "8"]
[White "Banik, Siddharth"]
[Black "Tan, Zhongyi"]
[Result "1/2-1/2"]
[BlackTitle "GM"]
[WhiteElo "2115"]
[BlackElo "2523"]
[WhiteTeam "San Diego Surfers"]
[BlackTeam "Australia Kangaroos"]
[WhiteFideId "2065843"]
[BlackFideId "8603642"]
[EventDate "2018.01.18"]

1. e4 d6 2. d4 Nf6 3. Nc3 g6 4. Nf3 Bg7 5. Be2 O-O 6. O-O a6 7. Re1 Nc6 8. d5
Ne5 9. a4 e6 10. Nxe5 dxe5 11. Bc4 exd5 12. Nxd5 Nxd5 13. Bxd5 c6 14. Bb3 Qe7
15. Be3 Rd8 16. Qe2 Be6 17. Bxe6 Qxe6 18. Bb6 Rd7 19. Red1 Bf8 20. Rxd7 Qxd7 21.
Rd1 Qe6 22. Qd3 a5 23. b3 Ra6 24. Qd8 Kg7 25. Be3 Be7 26. Qd7 c5 27. Qxb7 c4 28.
h3 cxb3 29. cxb3 Bb4 30. Rd5 Rd6 31. Qb5 Rxd5 32. exd5 Qf5 33. Qc4 h5 34. h4
Qb1+ 35. Kh2 Qd1 36. g3 Qf3 37. Qd3 Qf6 38. Qe4 Qd6 39. Qc4 Qf6 40. Kg2 Qf5 41.
Kh2 Qf6 42. Qd3 Qd6 43. Kg2 Qf6 44. Qe4 Qd6 45. Qc4 Qf6 46. Qc6 Qe7 47. Bb6 e4
48. Bd4+ f6 49. Kf1 Kf7 50. Ke2 Bd6 51. Bb6 Qe5 52. Bxa5 Qb2+ 53. Bd2 Be5 54. d6
Qd4 55. Qd7+ Kg8 56. Qe8+ Kg7 57. Qe7+ Kg8 58. Qe8+ Kg7 59. Qd7+ Kg8 60. Qe6+
Kg7 61. Qe7+ Kg8 62. Qe8+ Kg7 63. Bh6+ Kh7 64. Qf7+ Kxh6 65. Qf8+ Kh7 66. Qf7+
Kh6 67. Qf8+ Kh7 68. Qf7+ Kh6 69. Qf8+ Kh7 70. Qf7+ Kh6 1/2-1/2

[Event "PRO League Group Stage"]
[Site "chess.com INT"]
[Date "2018.02.28"]
[Round "8"]
[White "Banik, Siddharth"]
[Black "Ly, Moulthun"]
[Result "0-1"]
[BlackTitle "GM"]
[WhiteElo "2115"]
[BlackElo "2480"]
[WhiteTeam "San Diego Surfers"]
[BlackTeam "Australia Kangaroos"]
[WhiteFideId "2065843"]
[BlackFideId "3204405"]
[EventDate "2018.01.18"]

1. e4 c5 2. Nf3 e6 3. d4 cxd4 4. Nxd4 a6 5. Bd3 Bc5 6. Nb3 Be7 7. O-O d6 8. c4
Nf6 9. Nc3 Nbd7 10. Qe2 Qc7 11. f4 b6 12. Bd2 Bb7 13. Kh1 h5 14. Rae1 h4 15. e5
dxe5 16. fxe5 h3 17. Rf2 hxg2+ 18. Rxg2 O-O-O 19. Kg1 Nxe5 20. Nd5 exd5 21. Qxe5
Qxe5 22. Rxe5 Bd6 23. Bf4 dxc4 24. Rc2 b5 25. Na5 Kb8 26. Re7 Ba8 27. Bxd6+ Rxd6
28. Bxc4 bxc4 29. Rxc4 Rb6 30. b4 Bd5 31. Rd4 Rc8 32. h4 Rc7 33. Rxc7 Kxc7 34.
a3 Be6 35. Kf2 Rb5 36. Kg3 g6 37. Kf2 Ng4+ 38. Kg3 Nh6 39. Rd1 Nf5+ 40. Kf4 Nxh4
41. Rc1+ Kd7 42. Rc2 g5+ 43. Kg3 Nf5+ 44. Kf2 Nd6 45. Nc6 Rf5+ 46. Kg1 Bc4 47.
Nd4 Rd5 48. Nf3 g4 49. Nd2 Bd3 50. Rb2 Nc4 51. Nxc4 Bxc4 52. Kf2 Rd3 53. Kg2
Bd5+ 54. Kh2 g3+ 55. Kh3 g2+ 56. Kh2 Rd1 0-1

[Event "PRO League Group Stage"]
[Site "chess.com INT"]
[Date "2018.02.28"]
[Round "8"]
[White "Ludwig, John"]
[Black "Chandra, Akshat"]
[Result "1/2-1/2"]
[BlackTitle "GM"]
[WhiteElo "2388"]
[BlackElo "2510"]
[WhiteTeam "Miami Champions"]
[BlackTeam "Saint Louis Arch Bishops"]
[WhiteFideId "2075512"]
[BlackFideId "25006711"]
[EventDate "2018.01.18"]

1. e4 c5 2. Nf3 e6 3. c3 Nf6 4. e5 Nd5 5. d4 cxd4 6. cxd4 d6 7. Bc4 Be7 8. O-O
O-O 9. Qe2 b6 10. Nc3 Nxc3 11. bxc3 Bb7 12. Bd3 Nd7 13. exd6 Bxd6 14. Bb2 Re8
15. c4 Rc8 16. Rad1 Qc7 17. Ne5 Nxe5 18. dxe5 Bc5 19. Qh5 g6 20. Qg5 Qe7 21. Qg3
Red8 22. Bc1 Qe8 23. Be2 Be7 24. h3 Ba6 25. Rxd8 Rxd8 26. Qb3 Qc6 27. Be3 Bc5
28. Rc1 Qc7 29. Qc3 Bxe3 30. Qxe3 Qc5 31. Qxc5 bxc5 32. Rc2 Rd4 33. f3 g5 34.
Kf2 Kg7 35. Ke3 h5 36. Rc3 h4 37. Rc2 Kf8 38. Rc3 Kg7 39. Rc2 f6 40. exf6+ Kxf6
41. Rc3 Ke5 42. Rc2 Kf6 43. Rc3 Ke5 44. Rc2 Kd6 45. Rc3 Kc7 46. Rc2 Bb7 47. Rc3
Bc6 48. Rc2 a5 49. Rd2 e5 50. Rd1 a4 51. Rd2 Kb6 52. Bd3 Ka5 53. Rb2 Rd7 54. Rb8
Rb7 55. Rxb7 Bxb7 56. a3 Kb6 57. Be4 Bc8 58. Bd3 Bb7 59. Be4 Bc8 60. Bd3 1/2-1/2

[Event "PRO League Group Stage"]
[Site "chess.com INT"]
[Date "2018.02.28"]
[Round "8"]
[White "Ludwig, John"]
[Black "Bartholomew, John"]
[Result "0-1"]
[BlackTitle "IM"]
[WhiteElo "2388"]
[BlackElo "2459"]
[WhiteTeam "Miami Champions"]
[BlackTeam "Minnesota Blizzard"]
[WhiteFideId "2075512"]
[BlackFideId "2019353"]
[EventDate "2018.01.18"]

1. e4 d5 2. exd5 Qxd5 3. Nc3 Qd8 4. g3 Nf6 5. Bg2 c6 6. Nf3 Bf5 7. O-O e6 8. d3
Nbd7 9. Bd2 Be7 10. Rb1 a5 11. a3 a4 12. Qe2 O-O 13. Ne4 Nxe4 14. dxe4 Bg6 15.
Bc3 Bf6 16. e5 Be7 17. Rbd1 Qc7 18. g4 h5 19. g5 Nb6 20. Rc1 Rfd8 21. Bd2 Rd5
22. Bf4 Rad8 23. Nh4 Rd4 24. Nxg6 fxg6 25. Be3 Rg4 26. h3 Rxg5 27. Bxg5 Bxg5 28.
f4 Bh6 29. Qe4 Kh7 30. Bf3 h4 31. Bg4 Qf7 32. c4 Rd2 33. Rc2 Rxc2 34. Qxc2 Nd7
35. Qd3 Nc5 36. Qd8 b5 37. cxb5 cxb5 38. Qd4 Nb3 39. Qb6 Qd7 40. Bxe6 Qd2 41.
Qf2 Qd3 42. Bxb3 axb3 43. f5 Be3 0-1

[Event "PRO League Group Stage"]
[Site "chess.com INT"]
[Date "2018.02.28"]
[Round "8"]
[White "Song, Edward"]
[Black "Colas, Joshua"]
[Result "1-0"]
[WhiteTitle "FM"]
[BlackTitle "FM"]
[WhiteElo "2319"]
[BlackElo "2240"]
[WhiteTeam "Pittsburgh Pawngrabbers"]
[BlackTeam "Webster Windmills"]
[WhiteFideId "2051192"]
[BlackFideId "2044447"]
[EventDate "2018.01.18"]

1. e4 c5 2. Nf3 e6 3. d4 cxd4 4. Nxd4 a6 5. Bd3 Nf6 6. O-O Qc7 7. Qe2 d6 8. c4
g6 9. Nc3 Bg7 10. Nf3 Nc6 11. Bf4 O-O 12. Rac1 Ne5 13. Nxe5 dxe5 14. Be3 Bd7 15.
b4 Nh5 16. g3 f5 17. exf5 exf5 18. Nd5 Qd8 19. Nb6 Rb8 20. Rfd1 Rf7 21. c5 Qe8
22. Nxd7 Rxd7 23. Bc4+ Kh8 24. Rxd7 Qxd7 25. Rd1 Qc8 26. Bg5 Qe8 27. Qd2 f4 28.
Qd7 Nf6 29. Qc7 Ne4 30. Bd8 Ra8 31. Qxb7 Rxd8 32. Rxd8 Qxd8 33. Qxe4 Bf6 34.
Bxa6 Qd2 35. Be2 Qxa2 36. Kg2 Qb2 37. b5 Be7 38. c6 Qc3 39. b6 Kg7 40. c7 fxg3
41. hxg3 1-0

[Event "PRO League Group Stage"]
[Site "chess.com INT"]
[Date "2018.02.28"]
[Round "8"]
[White "Song, Edward"]
[Black "Le, Quang Liem"]
[Result "0-1"]
[WhiteTitle "FM"]
[BlackTitle "GM"]
[WhiteElo "2319"]
[BlackElo "2737"]
[WhiteTeam "Pittsburgh Pawngrabbers"]
[BlackTeam "Webster Windmills"]
[WhiteFideId "2051192"]
[BlackFideId "12401137"]
[EventDate "2018.01.18"]

1. d4 Nf6 2. c4 g6 3. Nc3 d5 4. cxd5 Nxd5 5. e4 Nxc3 6. bxc3 Bg7 7. Nf3 c5 8.
Rb1 O-O 9. Be2 b6 10. O-O Qc7 11. Bg5 Bb7 12. Qd3 e6 13. Qe3 Nd7 14. Bd3 Rac8
15. Rfd1 Nf6 16. h3 cxd4 17. cxd4 Qc3 18. Qe2 Qa3 19. Bd2 a5 20. Rxb6 Bc6 21.
Bf4 Ba4 22. Rdb1 Rfd8 23. R6b2 h6 24. Bd2 Be8 25. Be1 Nh5 26. Rb3 Qa4 27. g3
Bxd4 28. Nxd4 Rxd4 29. Bc3 Rdd8 30. Ba1 f6 31. Kh2 e5 32. Rc3 Bf7 33. a3 Rxc3
34. Bxc3 Qxa3 35. Bc4 Rd7 36. Bxf7+ Rxf7 37. Qc4 Kg7 38. Rb5 a4 39. Ra5 Qb3 40.
Qxb3 axb3 41. Rb5 Rc7 42. Rxb3 Kf7 43. Kg2 Ng7 44. Bd2 h5 45. Be3 Ne6 46. Kf3 g5
47. Rb6 Rc3 48. Kg2 g4 49. hxg4 hxg4 50. Rb4 Rd3 51. Kf1 Ra3 52. Ke2 Ra2+ 53.
Kf1 Ra6 54. Ke2 Kg6 55. Kf1 Nd8 56. Ke2 Nf7 57. Kf1 Ra2 58. Ke1 Rc2 59. Kd1 Rc6
60. Ke2 Nd6 61. Kd3 Kf7 62. Rb6 Rxb6 63. Bxb6 Ke6 64. Bc5 Nf7 65. Bb6 Kd6 66.
Be3 Kc6 67. Bc1 Kd7 68. Ke3 Ng5 69. Ba3 Ke6 70. Bb4 Nf3 71. Bc5 Nh2 72. Bb4 f5
73. exf5+ Kxf5 74. Bc5 Nf3 75. Bb6 Ke6 76. Bc5 Kd5 77. Bb6 Nd4 78. Bd8 Nf5+ 79.
Kd3 e4+ 80. Ke2 e3 81. fxe3 Ke4 82. Kf2 Nxe3 83. Bc7 Kd3 84. Bb8 Nc2 85. Bc7 Nd4
86. Bb8 Ne6 87. Be5 Nc5 88. Bc7 Ne4+ 89. Kg2 Ke3 90. Bf4+ Ke2 91. Be5 Nd2 92.
Bf4 Nc4 93. Bc7 Ne3+ 94. Kg1 Kf3 95. Bb8 Nf5 96. Kh2 Nd4 97. Kg1 Ne6 98. Kh2 Kf2
99. Ba7+ Kf1 100. Bb8 Nd4 101. Bf4 Nf3+ 102. Kh1 Kf2 103. Bd6 Ng5 104. Kh2 Ne4
105. Bc7 Nd2 106. Bb6+ Kf3 107. Bc7 Nf1+ 108. Kh1 Nxg3+ 109. Bxg3 Kxg3 110. Kg1
Kh3 111. Kh1 g3 112. Kg1 g2 0-1

[Event "PRO League Group Stage"]
[Site "chess.com INT"]
[Date "2018.02.28"]
[Round "8"]
[White "Horton, Andrew P"]
[Black "Thorfinnsson, Bragi"]
[Result "1-0"]
[WhiteTitle "FM"]
[BlackTitle "IM"]
[WhiteElo "2397"]
[BlackElo "2426"]
[WhiteTeam "London Lions"]
[BlackTeam "Reykjavik Puffins"]
[WhiteFideId "424269"]
[BlackFideId "2300958"]
[EventDate "2018.01.18"]

1. Nf3 c5 2. c4 g6 3. g3 Bg7 4. Bg2 d6 5. Nc3 Nc6 6. O-O Bf5 7. h3 Qd7 8. Kh2 h5
9. d3 h4 10. g4 Bxg4 11. hxg4 h3 12. Bxh3 Nf6 13. Ng1 Qxg4 14. e3 Qh4 15. f4 g5
16. fxg5 Qxg5 17. e4 Qg6 18. Nd5 Nxd5 19. cxd5 Nd4 20. Be3 Be5+ 21. Bf4 Qg5 22.
Qc1 Rh4 23. Bxe5 Qxe5+ 24. Kg2 Qg7+ 25. Kh2 Qe5+ 26. Kg2 Qg7+ 27. Kh2 f5 28. Qe1
Qh6 29. exf5 Nc2 30. Qg3 Nxa1 31. Qg8+ Qf8 32. Qg6+ Qf7 33. Rxa1 Rh8 34. Re1 Rg8
35. Qxf7+ Kxf7 36. Nf3 b5 37. Re6 Rae8 38. Nd2 Rg7 39. Ne4 Rh8 40. f6 exf6 41.
Rxf6+ Ke7 42. Re6+ Kf8 43. Rxd6 Rgh7 44. Rd8+ Ke7 45. Rxh8 Rxh8 46. d6+ Kd8 47.
Nxc5 Rh5 48. d4 1-0

[Event "PRO League Group Stage"]
[Site "chess.com INT"]
[Date "2018.02.28"]
[Round "8"]
[White "Horton, Andrew P"]
[Black "Olafsson, Helgi"]
[Result "0-1"]
[WhiteTitle "FM"]
[BlackTitle "GM"]
[WhiteElo "2397"]
[BlackElo "2508"]
[WhiteTeam "London Lions"]
[BlackTeam "Reykjavik Puffins"]
[WhiteFideId "424269"]
[BlackFideId "2300010"]
[EventDate "2018.01.18"]

1. b3 d5 2. Bb2 Bg4 3. Nf3 Nd7 4. c4 c6 5. e3 e6 6. Be2 Ngf6 7. O-O Bd6 8. h3
Bh5 9. d4 O-O 10. Nbd2 Qe7 11. Ne5 Bxe2 12. Qxe2 Ba3 13. Bxa3 Qxa3 14. Nxd7 Nxd7
15. e4 Rfe8 16. Rfe1 Nf6 17. Qd3 dxe4 18. Nxe4 Nxe4 19. Qxe4 Rad8 20. Re2 Rd7
21. d5 cxd5 22. cxd5 e5 23. Rd1 Qd6 24. Kh1 g6 25. f4 Rde7 26. Rde1 f6 27. f5
Kg7 28. Re3 Rd8 29. fxg6 Qxd5 30. gxh7 Qxe4 31. Rxe4 Kxh7 32. Rg4 Rd2 33. a4 Rg7
34. Rxg7+ Kxg7 35. Rc1 Rd7 36. Kg1 f5 37. Kf2 Kf6 38. Rc3 Rd2+ 39. Kf1 Rb2 40.
Rd3 e4 41. Rc3 Ke5 42. a5 Kd4 43. Rc4+ Ke3 44. Rc3+ Kd2 45. Rc5 Rb1+ 46. Kf2 e3+
47. Kf3 Rf1+ 48. Kg3 e2 49. Rd5+ Kc3 0-1

[Event "PRO League Group Stage"]
[Site "chess.com INT"]
[Date "2018.02.28"]
[Round "8"]
[White "Checa, Nicolas"]
[Black "Chen, Forest"]
[Result "1-0"]
[WhiteTitle "IM"]
[WhiteElo "2486"]
[BlackElo "2107"]
[WhiteTeam "Montclair Sopranos"]
[BlackTeam "Saint Louis Arch Bishops"]
[WhiteFideId "2069342"]
[BlackFideId "30908205"]
[EventDate "2018.01.18"]

1. d4 d5 2. Nf3 Nf6 3. c4 e6 4. Nc3 Bb4 5. Bg5 Nbd7 6. cxd5 exd5 7. Qb3 c5 8.
dxc5 Qa5 9. a3 Bxc3+ 10. Qxc3 Qxc3+ 11. bxc3 Ne4 12. Be3 Ndxc5 13. Rd1 Be6 14.
Ng5 Nxg5 15. Bxc5 Ne4 16. Bd4 O-O 17. e3 Rfc8 18. Rc1 Nd6 19. Rb1 Bf5 20. Rb4 b6
21. Ba6 Rc7 22. O-O Nc4 23. Ra1 Bc8 24. Bb5 Bd7 25. a4 Bxb5 26. axb5 Rd8 27. h3
f6 28. g4 Kf7 29. Kg2 h5 30. gxh5 Rh8 31. Rba4 Na5 32. Rxa5 bxa5 33. Rxa5 Rxh5
34. Rxa7 Rxa7 35. Bxa7 d4 36. c4 d3 37. Kf1 Ke6 38. Ke1 Kd6 39. Kd2 Rxh3 40.
Kxd3 Rf3 41. Ke2 Rh3 42. Bd4 Rh1 43. Kd3 Rc1 44. c5+ Kc7 45. Bc3 f5 46. Kd4 g5
47. Ba5+ Kc8 48. c6 Rc2 49. Kd5 Ra2 50. Bc3 Rxf2 51. b6 Rc2 52. b7+ 1-0

[Event "PRO League Group Stage"]
[Site "chess.com INT"]
[Date "2018.02.28"]
[Round "8"]
[White "Checa, Nicolas"]
[Black "Akobian, Varuzhan"]
[Result "1-0"]
[WhiteTitle "IM"]
[BlackTitle "GM"]
[WhiteElo "2486"]
[BlackElo "2647"]
[WhiteTeam "Montclair Sopranos"]
[BlackTeam "Saint Louis Arch Bishops"]
[WhiteFideId "2069342"]
[BlackFideId "13300580"]
[EventDate "2018.01.18"]

1. d4 Nf6 2. c4 b6 3. f3 Nc6 4. d5 Ne5 5. e4 e6 6. Nc3 Bc5 7. Nh3 d6 8. Nf4 O-O
9. Na4 Bb4+ 10. Bd2 a5 11. a3 Bxd2+ 12. Qxd2 exd5 13. cxd5 Nfd7 14. Be2 Nc5 15.
Nxc5 bxc5 16. O-O Qg5 17. Qc1 Rb8 18. Rb1 f5 19. Nd3 Qxc1 20. Rfxc1 Re8 21. b4
axb4 22. axb4 fxe4 23. fxe4 Nd7 24. bxc5 Rxb1 25. Rxb1 Rxe4 26. Kf2 dxc5 27. Bf3
Rd4 28. Nxc5 Nxc5 29. Rb8 Rd2+ 30. Ke3 Rd3+ 31. Ke2 Rc3 32. Rxc8+ Kf7 33. Kd2
Rc4 34. Rxc7+ Kf6 35. Ke3 Rc1 36. d6 Ke6 37. d7 Ke7 38. Bg4 Nb3 39. Rc8 Re1+ 40.
Kf2 1-0

[Event "PRO League Group Stage"]
[Site "chess.com INT"]
[Date "2018.02.28"]
[Round "8"]
[White "Shabalov, Alexander"]
[Black "Banusz, Tamas"]
[Result "1/2-1/2"]
[WhiteTitle "GM"]
[BlackTitle "GM"]
[WhiteElo "2544"]
[BlackElo "2641"]
[WhiteTeam "Pittsburgh Pawngrabbers"]
[BlackTeam "Webster Windmills"]
[WhiteFideId "2008572"]
[BlackFideId "722413"]
[EventDate "2018.01.18"]

1. f4 d5 2. Nf3 Nf6 3. g3 g6 4. Bg2 Bg7 5. O-O O-O 6. d3 c5 7. Qe1 Nc6 8. e4
dxe4 9. dxe4 e5 10. Nc3 Nd4 11. Rf2 exf4 12. Bxf4 Qb6 13. Rb1 Be6 14. h3 Nh5 15.
Ng5 Rad8 16. Nxe6 fxe6 17. e5 Nxf4 18. gxf4 c4 19. Kh1 Nf5 20. Rf3 Rd7 21. Bf1
Qc5 22. Ne4 Qc6 23. Bg2 Rfd8 24. Kh2 Qc7 25. b3 cxb3 26. cxb3 b6 27. Rc1 Qb8 28.
Ng5 Re7 29. Rfc3 Bh6 30. h4 Bxg5 31. hxg5 Kg7 32. Be4 Red7 33. R1c2 Ne7 34. Qh4
b5 35. Rh3 Rh8 36. Qh6+ Kf7 37. Re2 Rd1 38. Rg3 Qc7 39. f5 exf5 40. e6+ Ke8 41.
Qg7 Rf8 42. Rc2 Qd6 43. Bf3 Rd3 44. Kg2 f4 45. Rh3 Rd2+ 46. Rxd2 Qxd2+ 47. Kg1
Qe1+ 48. Kg2 Qd2+ 49. Kh1 Qe1+ 50. Kg2 Qd2+ 51. Kh1 Qe1+ 52. Kg2 Qd2+ 53. Kh1 1/2-1/2

[Event "PRO League Group Stage"]
[Site "chess.com INT"]
[Date "2018.02.28"]
[Round "8"]
[White "Shabalov, Alexander"]
[Black "Grabinsky, Aaron"]
[Result "0-1"]
[WhiteTitle "GM"]
[WhiteElo "2544"]
[BlackElo "2359"]
[WhiteTeam "Pittsburgh Pawngrabbers"]
[BlackTeam "Webster Windmills"]
[WhiteFideId "2008572"]
[BlackFideId "2087090"]
[EventDate "2018.01.18"]

1. e4 e6 2. d4 d5 3. e5 c5 4. c3 Nc6 5. Nf3 Qb6 6. a3 c4 7. Nbd2 Na5 8. Be2 Ne7
9. O-O Bd7 10. Qc2 Qc7 11. Rb1 h6 12. h4 Nc8 13. Re1 Nb6 14. Nf1 Be7 15. h5 Ba4
16. Qd2 O-O-O 17. Qf4 Bc2 18. Be3 Bxb1 19. Rxb1 f5 20. Qg3 Rhg8 21. Bf4 Rdf8 22.
Nh4 Bxh4 23. Qxh4 Qf7 24. Ng3 Kb8 25. Bf3 Ka8 26. Ne2 Nc6 27. Be3 Ne7 28. Nf4 g5
29. hxg6 Nxg6 30. Nxg6 Qxg6 31. Bf4 Rh8 32. g3 Qg7 33. Kg2 Rh7 34. Rh1 Rfh8 35.
Bh5 Nd7 36. Rh3 a6 37. Kh2 Ka7 38. Kg2 Rg8 39. Kh2 Nf8 40. Qf6 Ng6 41. Bd2 Qxf6
42. exf6 Rf7 43. Bxh6 Rxf6 44. Bg5 Rf7 45. f4 Rh7 46. Bf6 Nf8 47. Rh4 Nd7 48.
Bg5 Nf8 49. Be8 Kb8 50. Kh3 Kc7 51. Kg2 Kd6 52. Kf3 Rgh8 53. Bf6 Rg8 54. Bg5 b5
55. Kf2 Rhg7 56. Rh6 Nh7 57. Bh5 Nxg5 58. fxg5 Ke7 0-1

[Event "PRO League Group Stage"]
[Site "chess.com INT"]
[Date "2018.02.28"]
[Round "8"]
[White "Ganguly, Surya Shekhar"]
[Black "Neiksans, Arturs"]
[Result "1-0"]
[WhiteTitle "GM"]
[BlackTitle "GM"]
[WhiteElo "2650"]
[BlackElo "2582"]
[WhiteTeam "Mumbai Movers"]
[BlackTeam "Riga Magicians"]
[WhiteFideId "5002150"]
[BlackFideId "11601388"]
[EventDate "2018.01.18"]

1. e4 c5 2. Nf3 Nc6 3. d4 cxd4 4. Nxd4 e6 5. Nc3 Qc7 6. Be3 a6 7. Qf3 d6 8.
O-O-O Bd7 9. Qg3 Nf6 10. f3 b5 11. Bxb5 axb5 12. Ndxb5 Qb8 13. Nxd6+ Bxd6 14.
Qxd6 Qxd6 15. Rxd6 Ne5 16. b3 Rc8 17. Kb2 O-O 18. Bd4 Ne8 19. Bxe5 Nxd6 20. Bxd6
Rfd8 21. e5 Bc6 22. Ne2 f6 23. Nd4 fxe5 24. Bxe5 Rd5 25. f4 Bb7 26. c4 Rd7 27.
Kc3 g5 28. fxg5 Rf8 29. Bf6 e5 30. Bxe5 Rf2 31. a4 Rxg2 32. Rf1 Rxg5 33. Ne6 1-0